| 000 | 00999nam a22001697a 4500 | ||
|---|---|---|---|
| 005 | 20260702125107.0 | ||
| 020 | _a9781637747278 | ||
| 082 | _a658.409MIL | ||
| 100 | _a Miller, Mark | ||
| 245 |
_aLead every day: _bthree essential disciplines to unleash the passion and performance of everyone around you |
||
| 260 |
_aDallas _bMatt Holt Books _c2025 |
||
| 300 | _a275p. ; 22 cm | ||
| 504 | _aIncludes bibliographical references (pages 267-275) and index | ||
| 520 | _aFrom seasoned executive leaders Mark Miller and Randy Gravitt, Lead Every Day provides a concrete, comprehensive framework for improved performance. Veteran and aspiring leaders alike can utilize the Lead Every Day Operating System to maximize their impact in the short-run and their long-term success. With insights from extensive global research and decades of practical experience, Lead Every Day is a powerful, application-focused guide to transform your approach and your outcomes" | ||
| 650 | _aLeadership | ||
| 942 | _cBK | ||
| 999 |
_c11536 _d11536 |
||